Oposición y violencia en Colombia : (Registro nro. 30464)

Detalles MARC
000 -LEADER
fixed length control field 00920nam a2200241Ia 4500
003 - CONTROL NUMBER IDENTIFIER
control field CO-CtgCURN
005 - DATE AND TIME OF LATEST TRANSACTION
control field 20250410205850.0
008 - FIXED-LENGTH DATA ELEMENTS--GENERAL INFORMATION
fixed length control field 190726s2003 xx g 000 0 spa d
020 ## - INTERNATIONAL STANDARD BOOK NUMBER
International Standard Book Number 958973202X
040 ## - CATALOGING SOURCE
Original cataloging agency CO-CtgCURN
Language of cataloging spa
Transcribing agency coctgcurn
082 ## - DEWEY DECIMAL CLASSIFICATION NUMBER
Classification number 986.106
Item number J37o
100 ## - MAIN ENTRY--PERSONAL NAME
Personal name Jaramillo Echeverri, Marino
9 (RLIN) 1658
245 #0 - TITLE STATEMENT
Title Oposición y violencia en Colombia :
Remainder of title (1920-1934) /
Statement of responsibility, etc. Marino Jaramillo Echeverri
260 ## - PUBLICATION, DISTRIBUTION, ETC.
Place of publication, distribution, etc. Bogotá, Colombia :
Name of publisher, distributor, etc. Academia Colombiana de Jurisprudencia,
Date of publication, distribution, etc. 2003
300 ## - PHYSICAL DESCRIPTION
Extent 280 páginas ;
Dimensions 17 centímetros
504 ## - BIBLIOGRAPHY, ETC. NOTE
Bibliography, etc. note Incluye referencias bibliográficas (p. 280)
521 ## - TARGET AUDIENCE NOTE
Target audience note AREA BASICA
590 ## - LOCAL NOTE (RLIN)
Local note Todos los programas acádemicos
650 ## - SUBJECT ADDED ENTRY--TOPICAL TERM
Topical term or geographic name entry element Violencia política
Chronological subdivision 1920-1934
Geographic subdivision Colombia
9 (RLIN) 1659
651 ## - SUBJECT ADDED ENTRY--GEOGRAPHIC NAME
Geographic name Colombia
General subdivision Política y gobierno
9 (RLIN) 1660
942 ## - ADDED ENTRY ELEMENTS (KOHA)
Koha item type Libros
Classification part 986.106
Item part J37o
Source of classification or shelving scheme Dewey Decimal Classification
Suppress in OPAC No
Existencias
Withdrawn status Lost status Source of classification or shelving scheme Damaged status Not for loan Collection Home library Current library Shelving location Date acquired Inventory number Total checkouts Full call number Barcode Date last seen Copy number Price effective from Koha item type
    Dewey Decimal Classification       Miguel Henríquez Castañeda Barranquilla Miguel Henríquez Castañeda Barranquilla General 05/23/2018 02972   986.106 J37o 02972 07/26/2019 ej.1 07/26/2019 Libros